Catálogo
 En Linea

Agenda de la fauna venezolana : (Registro nro. 10635)

Detalles MARC
000 -CABECERA
campo de control de longitud fija 00701cam a2200229 a 4500
001 - NÚMERO DE CONTROL
campo de control 000010895
003 - IDENTIFICADOR DEL NÚMERO DE CONTROL
campo de control OSt
005 - FECHA Y HORA DE LA ÚLTIMA TRANSACCIÓN
campo de control 20200929162319.0
008 - DATOS DE LONGITUD FIJA--INFORMACIÓN GENERAL
campo de control de longitud fija 980429s1997 ve a b 000 0 spa
020 ## - NÚMERO INTERNACIONAL ESTÁNDAR DEL LIBRO
Número Internacional Estándar del Libro 9803540408
040 ## - FUENTE DE LA CATALOGACIÓN
Centro catalogador/agencia de origen DO-SdBNP
Lengua de catalogación spa
Centro/agencia transcriptor BNPHU
100 1# - ENTRADA PRINCIPAL--NOMBRE DE PERSONA
Nombre de persona Sequera de Gómez, Carmen.
9 (RLIN) 26225
245 10 - MENCIÓN DE TÍTULO
Título Agenda de la fauna venezolana :
Resto del título vertebrados representativos /
Mención de responsabilidad, etc. Carmen Sequera de Gómez.
260 ## - PUBLICACIÓN, DISTRIBUCIÓN, ETC.
Lugar de publicación, distribución, etc. Caracas, (Venezuela) :
Nombre del editor, distribuidor, etc. Alfadil,
Fecha de publicación, distribución, etc. 1997.
300 ## - DESCRIPCIÓN FÍSICA
Extensión 119 p. :
Otras características físicas il. ;
Dimensiones 20 cm.
490 1# - MENCIÓN DE SERIE
Mención de serie Ameritextos
Designación de volumen o secuencia 16
504 ## - NOTA DE BIBLIOGRAFÍA, ETC.
Nota de bibliografía, etc. Bibliografía : p. 115-116
650 #0 - PUNTO DE ACCESO ADICIONAL DE MATERIA--TÉRMINO DE MATERIA
Término de materia o nombre geográfico como elemento de entrada Vertebrates
Subdivisión geográfica Venezuela.
9 (RLIN) 26265
830 ## - PUNTO DE ACCESO ADICIONAL DE SERIE-TÍTULO UNIFORME
Título uniforme Ameritextos, 16
9 (RLIN) 76697
942 ## - ELEMENTOS DE PUNTO DE ACCESO ADICIONAL (KOHA)
Fuente del sistema de clasificación o colocación Dewey Decimal Classification
Tipo de ítem Koha Libros y folletos
956 ## - LOCALIZACIÓN Y ACCESO ELECTRÓNICOS LOCAL (OCLC)
Nombre del host LOPEREZ
Existencias
Estado de retiro Estado de pérdida Fuente del sistema de clasificación o colocación Restricciones de uso No para préstamo Código de colección Localización permanente Ubicación/localización actual Ubicación en estantería Fecha de adquisición Número de inventario Total de préstamos Signatura topográfica completa Código de barras Fecha visto por última vez Precio válido a partir de Tipo de ítem Koha Número de copia
    Dewey Decimal Classification Préstamo interno   Monografías: Libros y Folletos General General En catalogación 12.10.2009 LF1   10895-10 25.06.2020 25.06.2020 Préstamo interno  
    Dewey Decimal Classification Préstamo restringido Préstamo restrigido Monografías: Libros y Folletos General General En catalogación 19.10.2009 LF1   10895-20 25.06.2020 25.06.2020 Préstamo interno e. 2
  Extraviado     Excluido de préstamo Monografías: Libros y Folletos General General Extraviado 11.04.2017 LF1   10895-30 25.06.2020 25.06.2020 No se presta e. 3

Con tecnología Koha